Specifier (Record no. 76839)
[ view plain ]
| 000 -LEADER | |
|---|---|
| fixed length control field | 00953cab a2200217 4500 |
| 001 - CONTROL NUMBER | |
| control field | ##L133166 |
| 008 - FIXED-LENGTH DATA ELEMENTS--GENERAL INFORMATION | |
| fixed length control field | 060419n2006 000 0 eng u |
| 035 ## - SYSTEM CONTROL NUMBER | |
| System control number | (Sirsi) u133166 |
| 041 0# - LANGUAGE CODE | |
| Language code of text/sound track or separate title | eng |
| 100 1# - MAIN ENTRY--PERSONAL NAME | |
| Personal name | Soltani, Sonia |
| 245 00 - TITLE STATEMENT | |
| Title | Specifier |
| Remainder of title | doors and windows |
| 260 ## - PUBLICATION, DISTRIBUTION, ETC. | |
| Date of publication, distribution, etc. | 2006 |
| 490 #0 - SERIES STATEMENT | |
| Series statement | Building |
| Volume/sequential designation | 271(8425) 7 April 2006, 84-93(8) |
| 520 ## - SUMMARY, ETC. | |
| Summary, etc. | Reports on how a tyre factory in Liverpool has been converted into a retail, office and leisure space, by creating a glass box structure within an existing brick building. Other articles look at new door and window products, fire doors, and specifications, durability and whole-life costs for dome rooflights. Also contains list of main suppliers of doors and windows. |
| 590 ## - LOCAL NOTE (RLIN) | |
| Local note | IKA250406 |
| 690 ## - LOCAL SUBJECT ADDED ENTRY--TOPICAL TERM (OCLC, RLIN) | |
| Topical term or geographic name as entry element | BUILT ENVIRONMENT-BUILDING ELEMENTS-PARTS OF BUILDING ELEMENTS-OPENINGS |
| 700 1# - ADDED ENTRY--PERSONAL NAME | |
| Personal name | Brownrigg, Scott |
| 700 1# - ADDED ENTRY--PERSONAL NAME | |
| Personal name | Mayer, Peter |
| 710 2# - ADDED ENTRY--CORPORATE NAME | |
| Corporate name or jurisdiction name as entry element | Barbour Index |
| 9 (RLIN) | 2548 |
| 942 ## - ADDED ENTRY ELEMENTS (KOHA) | |
| Suppress in OPAC | 0 |
| Withdrawn status | Lost status | Source of classification or shelving scheme | Damaged status | Not for loan | Home library | Current library | Shelving location | Date acquired | Total Checkouts | Full call number | Barcode | Date last seen | Copy number | Price effective from | Koha item type |
|---|---|---|---|---|---|---|---|---|---|---|---|---|---|---|---|
| Dewey Decimal Classification | London | London | Journal article | 19/04/2006 | L133166 | 133166-1001 | 06/08/2019 | 1 | 06/08/2019 | Journal article |